Revista política, parlamentaria y financiera / (Record no. 1986)

MARC details
000 -LEADER
campo de control de longitud fija 00954nas a2200277 i 4500
001 - NÚMERO DE CONTROL
campo de control 1986
003 - IDENTIFICADOR DE NÚMERO DE CONTROL
campo de control ES-MaACL
005 - FECHA Y HORA DE LA ÚLTIMA TRANSACCIÓN
campo de control 20250721062541.0
008 - DATOS DE LONGITUD FIJA--INFORMACIÓN GENERAL
campo de control de longitud fija 950801d1921 sp m| | 1 ||pa d
022 ## - NÚMERO INTERNACIONAL NORMALIZADO PARA PUBLICACIONES SERIADAS
Número Internacional Normalizado para Publicaciones Seriadas 2480-715X
080 ## - NÚMERO DE LA CLASIFICACIÓN DECIMAL UNIVERSAL
Número de la Clasificación Decimal Universal 460
245 00 - MENCIÓN DEL TÍTULO
Título Revista política, parlamentaria y financiera /
Mención de responsabilidad, etc. dir., Luis Antón del Olmet.
260 ## - PUBLICACIÓN, DISTRIBUCIÓN, ETC.
Lugar de publicación, distribución, etc. Madrid :
Nombre del editor, distribuidor, etc. Imp. del Asilo de Huérfanos del S.C. de Jesús,
Fecha de publicación, distribución, etc. 1921- (
Fabricante Prensa Nueva)
300 ## - DESCRIPCIÓN FÍSICA
Extensión 10 v. ;
Dimensiones 27 cm.
310 ## - PERIODICIDAD ACTUAL
Periodicidad actual Quincenal
321 ## - PERIODICIDAD ANTERIOR
Periodicidad anterior Mensual,
Fechas de la periodicidad anterior 1921-1924, n. 24
362 0# - FECHAS DE PUBLICACIÓN Y/O DESIGNACIÓN SECUENCIAL
Fecha de publicación y/o designación secuencial Año I, t. I (oct. 1921)-
500 ## - NOTA GENERAL
Nota general A partir de 1927 no se reseñan los tomos.
650 17 - PUNTO DE ACCESO ADICIONAL DE MATERIA--TÉRMINO DE MATERIA
Término de materia o nombre geográfico como elemento de entrada Economía
Fuente del encabezamiento o término embne
9 (RLIN) 12006
700 1# - ENTRADA AGREGADA--NOMBRE PERSONAL
Nombre de persona Antón del Olmet, Luis,
Fechas asociadas al nombre 1886-1923
9 (RLIN) 21947
700 1# - ENTRADA AGREGADA--NOMBRE PERSONAL
Nombre de persona Torres Bernal, José de.
9 (RLIN) 110928
700 1# - ENTRADA AGREGADA--NOMBRE PERSONAL
Nombre de persona Zarraluqui Martínez, Julio,
Término indicativo de función/relación
9 (RLIN) 118086
852 ## - LOCALIZACIÓN
Ubicación ES-MaACL
Número de control de estantería Hem-509
866 #0 - MENCIÓN TEXTUAL DE FONDOS--UNIDAD BIBLIOGRÁFICA BÁSICA
Fondos 1921-23(1924f.t.XII)1925-27(1928f.n.111y118).
Holdings
Estatus retirado Estado de pérdida Estado de daño No para préstamo Colección Biblioteca de origen Biblioteca actual Ubicación en estantería Fecha de adquisición Fuente de adquisición Total de préstamos Signatura topográfica completa Código de barras Visto por última vez Precio de reemplazo Tipo de ítem Koha
        Periódicos y Revistas Biblioteca del Ateneo de Madrid Biblioteca del Ateneo de Madrid Depósito 1 17/01/2008     Hem-509 1002025 23/02/2023 23/02/2023 Revista